Statistics for Countries with the Largest Economy by Size

Click here to take the quiz!

General Stats

  • This quiz has been taken 74 times
  • The average score is 14 of 20

Answer Stats

GDP (mil)Country% Correct
$35,291,015China
99%
$5,686,531Germany
99%
$28,781,083United States
99%
$3,987,911France
97%
$14,594,460India
97%
$4,029,438United Kingdom
94%
$6,720,962Japan
93%
$5,472,880Russia
93%
$3,347,103Italy
87%
$816,456Switzerland
69%
$948,045United Arab Emirates
62%
$794,179Singapore
59%
$634,362Austria
58%
$3,831,533Turkey
58%
$712,056Ireland
52%
$96,886Luxembourg
51%
$36,870Malta
28%
$54,104Cyprus
25%
$34,249Brunei
24%
$63,822Guyana
17%

Score Distribution

Percentile by Number Answered

Percent of People with Each Score

Your Score History

You have not taken this quiz